000
00236nam a2200097Ia 4500
001
919095
005
20250826185944.0
008
250824s9999 xx 000 0 und d
245
0
_a
GÜZEL KAYBETTİK
_c
CANER YAMAN
260
_b
HAYY YAYINLARI
999
_c
919095
_d
919095